Micro-Teaching / (Record no. 1092)
| 000 -LEADER | |
|---|---|
| fixed length control field | 00833nam a22001937a 4500 |
| 003 - CONTROL NUMBER IDENTIFIER | |
| control field | OSt |
| 005 - DATE AND TIME OF LATEST TRANSACTION | |
| control field | 20140116120845.0 |
| 008 - FIXED-LENGTH DATA ELEMENTS--GENERAL INFORMATION | |
| fixed length control field | 130122b xxu||||| |||| 00| 0 eng d |
| 020 ## - INTERNATIONAL STANDARD BOOK NUMBER | |
| International Standard Book Number | 978817648557 |
| 040 ## - CATALOGING SOURCE | |
| Original cataloging agency | Loc |
| Language of cataloging | English |
| 050 ## - LIBRARY OF CONGRESS CALL NUMBER | |
| Classification number | LB1731.M5 S56 2004 |
| 100 ## - MAIN ENTRY--PERSONAL NAME | |
| Relator code | Singh,Y.K. |
| 245 ## - TITLE STATEMENT | |
| Title | Micro-Teaching / |
| 260 ## - PUBLICATION, DISTRIBUTION, ETC. (IMPRINT) | |
| Place of publication, distribution, etc | New Dehli |
| Name of publisher, distributor, etc | APH publishing company |
| Date of publication, distribution, etc | 2004 |
| 300 ## - PHYSICAL DESCRIPTION | |
| Extent | ix,253p. |
| Other physical details | ill. |
| 505 ## - FORMATTED CONTENTS NOTE | |
| Formatted contents note | development of teacher education in india---Need for Teacher's training in education---Problems and remedies of teaching practice---Micro-teaching---Student teaching in modern India---Lesson planning in teaching---Innovative practices in teaching training---teaching Aids for micro-teaching---Substitute teaching: Group Teaching---classroom teaching in 21st century. |
| 700 ## - ADDED ENTRY--PERSONAL NAME | |
| Personal name | Sharma, Archnesh |
| 942 ## - ADDED ENTRY ELEMENTS (KOHA) | |
| Source of classification or shelving scheme | |
| Koha item type | Book |
| Withdrawn status | Lost status | Source of classification or shelving scheme | Damaged status | Not for loan | Home library | Current library | Date acquired | Total Checkouts | Full call number | Barcode | Date last seen | Copy number | Price effective from | Koha item type | Date checked out |
|---|---|---|---|---|---|---|---|---|---|---|---|---|---|---|---|
| Riara University Library | Riara University Library | 22/01/2013 | LB1731.M5S56 2004 | 3749/12 | 22/01/2013 | C.1 | 22/01/2013 | Book | |||||||
| Riara University Library | Riara University Library | 22/01/2013 | 1 | LB1731.M5S56 2004 | 3750/12 | 23/07/2015 | C.2 | 22/01/2013 | Book | 01/07/2015 | |||||
| Riara University Library | Riara University Library | 22/01/2013 | LB1731.M5S56 2004 | 3751/12 | 22/01/2013 | C.3 | 22/01/2013 | Book |
